00612nam a2200145Ia 4500008004100000020001800041100002200059245010000081260004400181300002000225650004500245650003900290999001900329952011800348191111s9999 xx 000 0 und d a9781107135765 aCastillo, Carlos. cCarlos Castillo.--aBig crisis data :bsocial media in disasters and time-critical situations / aUSA :bCambridge University Pressc2016 axii, 212 pages. aDisaster relief -- citizen participation aDisaster relief -- data processing c362653d362653 001040aCLbCLcRESd2019-11-11eLibrary Fundl0oHV 553 .C352 2016pC22007r2019-11-11 00:00:00w2019-11-11yBK